| 000 | 00680nam a2200193Ia 4500 | ||
|---|---|---|---|
| 001 | 6637 | ||
| 008 | 260622s9999 xx 000 0 und d | ||
| 020 | _a9781855165595 | ||
| 245 | 0 |
_aنقد نقد العقل العربي: اشكاليات العقل العربي/ _cجورج طرابيشي |
|
| 250 | _aالطبعة الثالثة؛ | ||
| 260 |
_aبيروت؛ _bدار الساقي؛ _c2007 |
||
| 300 |
_a320p; _c24x17cm |
||
| 520 | _aNuances of Arab Critical thought/ Georges Tarabichi | ||
| 546 | _aArabic | ||
| 650 | _aPJ7501-8517 Arabic literature | ||
| 655 |
_aArticles مقالات _99420 |
||
| 700 |
_aTarabichi, Georges جورج طرابيشي _99493 |
||
| 942 | _cBK | ||
| 999 |
_c6637 _d6637 |
||